The customs act (IV of 1969).

Bibliographic Details
Corporate Authors: Government of the peoples Republic of Bangladesh, Dhaka Law Reports (Firm), Ministry of Law, Justice and parliamentary affairs
Format: Book
Language:English
Published: Dhaka : Dhaka Law Reports, 2008.
Edition:First edition.
Subjects:
Classic Catalogue: View this record in Classic Catalogue
LEADER 02415nam a2200349 a 4500
001 16083854
003 BD-DhAAL
008 100428s2008 bg l 001 0 eng d
010 |a  2010316453 
040 |a DLC  |c DLC  |d DLC  |d BD-DhAAL 
082 0 0 |a 343.087/02632  |2 22 
110 1 |a Government of the peoples Republic of Bangladesh  
240 1 0 |a Customs Act, 1969 
245 1 4 |a The customs act (IV of 1969). 
250 |a First edition. 
260 |a Dhaka :  |b Dhaka Law Reports,  |c 2008. 
300 |a 580 pages ;  |c 25 cm. 
504 |a Includes index. 
526 |x Prof. Mojib Uddin Ahmed Director, MBA Program BRAC Business School Course name and no. N/A 
541 1 |a Paragon Enterprises Ltd.  |e 00018567 
650 0 |a Customs administration  |x Law and legislation  |9 47156 
650 0 |a Law. 
710 2 |a Dhaka Law Reports (Firm)  |9 58280 
710 2 |a Ministry of Law, Justice and parliamentary affairs. 
852 4 |a Ayesha Abed Library  |j General shelf  
942 |2 ddc  |c BK 
999 |c 8327  |d 8327 
952 |0 0  |1 0  |2 ddc  |4 0  |6 343_087026320000000_CUS_2008  |7 0  |9 9589  |a BRACUL  |b BRACUL  |c GEN  |d 2010-04-29  |e Paragon Enterprise Ltd.  |g 115.00  |l 0  |o 343.08702632 CUS  |p 3010018567  |r 2010-04-29  |t 1  |w 2010-04-29  |y BK  |x Requisitioned by Prof. Mojib Uddin Ahmed Director, MBA Program Course name and no. N/A 
952 |0 0  |1 0  |2 ddc  |4 0  |6 343_087026320000000_CUS_2008  |7 0  |9 9595  |a BRACUL  |b BRACUL  |c GEN  |d 2010-04-29  |e Paragon Enterprise Ltd.  |g 115.00  |l 0  |o 343.08702632 CUS  |p 3010018568  |r 2010-04-29  |t 2  |w 2010-04-29  |y BK  |x Requisitioned by Prof. Mojib Uddin Ahmed Director, MBA Program Course name and no. N/A 
952 |0 0  |1 0  |2 ddc  |4 0  |6 343_087026320000000_CUS_2008  |7 0  |9 9596  |a BRACUL  |b BRACUL  |c GEN  |d 2010-04-29  |e Paragon Enterprise Ltd.  |g 115.00  |l 0  |o 343.08702632 CUS  |p 3010018565  |r 2010-04-29  |t 3  |w 2010-04-29  |y BK  |x Requisitioned by Prof. Mojib Uddin Ahmed Director, MBA Program Course name and no. N/A 
952 |0 0  |1 0  |2 ddc  |4 0  |6 343_087026320000000_CUS_2008  |7 0  |9 9597  |a BRACUL  |b BRACUL  |c GEN  |d 2010-04-29  |e Paragon Enterprise Ltd.  |g 115.00  |l 0  |o 343.08702632 CUS  |p 3010018566  |r 2010-04-29  |t 4  |w 2010-04-29  |y BK  |x Requisitioned by Prof. Mojib Uddin Ahmed Director, MBA Program Course name and no. N/A 
952 |0 0  |1 0  |2 ddc  |4 0  |6 343_087026320000000_CUS_2008  |7 0  |9 9598  |a BRACUL  |b BRACUL  |c GEN  |d 2010-04-29  |e Paragon Enterprise Ltd.  |g 115.00  |l 0  |o 343.08702632 CUS  |p 3010018569  |r 2010-04-29  |t 5  |w 2010-04-29  |y BK  |x Requisitioned by Prof. Mojib Uddin Ahmed Director, MBA Program Course name and no. N/A